000 00639nam a22001697a 4500
999 _c130318
_d130318
008 200207b ||||| |||| 00| 0 eng d
050 _aDA784.3.M3 P47 2002
100 _aPerry, Maria
_949411
245 _aSisters to the King
_bthe tumultuous lives of Henry VIII's sisters - margaret of scotland and Mary of France
_cMaria Perry
260 _aLondon
_bAndre Deutsch
_c2002
300 _a336p. ;
_c20cm.
600 _aMargaret, Queen, consort of James IV
_949412
600 _aMary, Queen, consort of Louis XII
_949413
600 _aHenry VIII
_vFamily
_949414
651 _aGreat Britain
_xHistory
_xTudors
_949415
942 _2lcc
_cMONOGRAPH